| 000 | 00830nam a2200229Ia 4500 | ||
|---|---|---|---|
| 999 |
_c5579 _d5579 |
||
| 003 | OSt | ||
| 005 | 20200311171244.0 | ||
| 008 | 191128q200? ck gr 000 0dspa d | ||
| 020 | _a958974723X | ||
| 040 |
_aCO-JMCR _cCO-JMCR |
||
| 041 | 0 | _aspa | |
| 082 | 0 | 4 |
_a070.986 / _bA662d |
| 100 | 1 |
_aArango Londoño, Gilberto, _eautor _91441 |
|
| 245 | 1 | 0 |
_aDesde mi angulo : _b1984-1992 / _cGilberto Arango Londoño |
| 260 |
_aBogotá : _bColegio de Estudios Superiores de Administración - Cesa : Múnera Editores _c[200?] |
||
| 300 |
_av, 562 páginas ; _c24 cm, |
||
| 500 | _aIncluye datos biográficos del autor en la solapa posterior. | ||
| 546 | _aspa | ||
| 650 | 1 | 4 |
_aEconomía colombiana _xArtículos de prensa Crónicas _zColombia _91448 |
| 650 | 2 | 4 |
_aEconomía colombiana _xColombia Reportajes _zColombia _91449 |
| 942 |
_2ddc _cBK |
||